00962nam a2200169Ia 4500008004100000020001500041050002100056100004700077245006600124260004200190300001800232500006300250505038700313650002600700650003700726650002900763120626s2003 mx a 000 0 spa d a9707221755 aRJ504 bP33 2004 aPadilla Velázquez, María Teresaeautor aPsicoterapia de juego c/ María Teresa, Padilla Velázquez aMéxico b: Plaza y Valdésc, 2003 a232 páginas aIncluye: Indice, Prólogo, Introducción, Bibliografía aPsicoterapia de juego Expresión consciente de las etapas del desarrollo psicosexual normal El simbolismo del juego en la terapia psicoanalítica de niños La realidad del juego y la fantasía del sueño en la psicoterapia infantil Terminación del análisis en la psicoterapia infantil La ética en la psicoterapia infantil y algunos de los derechos del paciente  0aPSICOTERAPIA INFANTIL 0aJUEGOS xASPECTOS PSICOLÓGICOS 0aPSICOANÁLISIS INFANTIL